« Retourner aux résultats de recherche
Pop-up pas à pas
tout ce que vous devez savoir pour créer et réaliser des pliages en 3D
| Auteur principal: | Duncan Birmingham |
|---|---|
| Support: | Livres |
| Langue: | Francais |
| Genre: |
Documentaire jeunesse |
| Sujets: | |
| Étiquettes: |
Ajouter
Pas de Tags !
|
| LEADER | 00872nam0a2200193 450 | ||
|---|---|---|---|
| 001 | 16847102 | ||
| 010 | |a 978-2-501-07776-7 |b Br. |d 15,9 | ||
| 100 | |a 20120904d2012 u u0frey01 ba | ||
| 101 | 0 | |a fre | |
| 102 | |a BE | ||
| 200 | 0 | |a Pop-up pas à pas |e tout ce que vous devez savoir pour créer et réaliser des pliages en 3D |f Duncan Birmingham | |
| 207 | 1 | |a | |
| 215 | |a 1 vol. (167 p.) |c illustrations en couleur |d 28 x 22 cm | ||
| 300 | |a Traduit de l'anglais | ||
| 330 | |a Ce manuel dévoile les techniques de base, de construction et de montage ainsi que des trucs et astuces pour créer des pop-up. Avec 14 modèles et les explications pour les réaliser. | ||
| 700 | 0 | |a Birmingham |b Duncan |4 70 | |
| 900 | |a Documentaire jeunesse | ||
| 901 | |a Accessible au prêt | ||
| 995 | |a Bibliothèque |c Bibliothèque |f 00156008813826 |h 00156008813826 |k E 745.5 BIR |o p |q j |r az |e Bibliothèque | ||
